<The> Yen-dollar rate have interventions mattered?
Guardado en:
| Autor principal: | |
|---|---|
| Otros Autores: | |
| Formato: | Libro |
| Lenguaje: | inglés |
| Publicado: |
Washington
International Monetary Fund
2000
|
| Colección: | IMF Working Paper
WP/00/95 |
| Materias: | |
| Etiquetas: |
Sin Etiquetas, Sea el primero en etiquetar este registro!
|
MARC
| LEADER | 00000nam a2200000 4500 | ||
|---|---|---|---|
| 001 | c124261 | ||
| 005 | 20221221084009.1 | ||
| 041 | 0 | |a eng | |
| 044 | |a US | ||
| 245 | 1 | 0 | |a <The> Yen-dollar rate |b have interventions mattered? |c Ramana Ramaswamy and Hossein Samiei |
| 264 | 1 | |a Washington |b International Monetary Fund |c 2000 | |
| 300 | |a 25 s. | ||
| 490 | 1 | |a IMF Working Paper |v WP/00/95 | |
| 830 | 0 | |a IMF Working Paper |v WP/00/95 | |
| 610 | 2 | 0 | |a kurz výmenný |
| 610 | 2 | 0 | |a dolár |
| 610 | 2 | 0 | |a jen |
| 610 | 2 | 0 | |a intervencie |
| 610 | 2 | 0 | |a intervencie devízové |
| 610 | 2 | 0 | |a USA |
| 610 | 2 | 0 | |a Japonsko |
| 100 | 1 | |a Ramaswamy, Ramana | |
| 700 | 1 | |a Samiei, Hossein | |